Trends in applications of pure mathematics to mechanics : a collection of papers.

Bibliographic Details
Corporate Author: Symposium on Trends in Applications of Pure Mathematics to Mechanics
Other Authors: Fichera, Gaetano, 1922-1996, Zorski, Henryk
Format: Conference Proceeding Book
Language:English
Published: London ; San Francisco : Pitman, 1976-
Series:Monographs and studies in mathematics ; 2.
Monographs and studies in mathematics ; 5.
Subjects:

MARC

Tag First Indicator Second Indicator Subfields
LEADER 00000cam a22000001a 4500
001 in00000086617
005 20160212132017.0
008 800915m19769999enka b 10000 engm
010 |a  77351685  
015 |a GB76-30922 (v. 1) 
020 |a 0273001299 :  |c 19.50 (v. 1) 
035 |a (OCoLC)06813079 
035 |9 AAK4478AM 
040 |a DLC  |c DLC  |d m.c.  |d OCL  |d TXA  |d UtOrBLW 
049 |a TXAM  |v 1 [1186279]  |v 2 [1501888]  |v 3 [1502247] 
050 0 0 |a QA801  |b .S73 1979 
082 0 |a 531/.01/51  |2 19 
111 2 |a Symposium on Trends in Applications of Pure Mathematics to Mechanics. 
245 1 0 |a Trends in applications of pure mathematics to mechanics :  |b a collection of papers. 
264 1 |a London ;  |a San Francisco :  |b Pitman,  |c 1976- 
300 |a volumes :  |b illustrations ;  |c 24 cm. 
336 |a text  |b txt  |2 rdacontent 
337 |a unmediated  |b n  |2 rdamedia 
338 |a volume  |b nc  |2 rdacarrier 
490 1 |a Monographs and studies in mathematics ;  |v 2, 5 
500 |a Volume 1 includes papers presented at the conference at the University of Lecce, Italy, May, 1975, edited by Gaetano Fichera; volume 2 includes papers from the 2d Symposium, held in Kozubnik, Poland, Sept. 1977, edited by Henryk Zorski. 
504 |a Includes bibliographies. 
650 0 |a Mechanics  |x Congresses. 
650 0 |a Mathematics  |x Congresses. 
700 1 |a Fichera, Gaetano,  |d 1922-1996. 
700 1 |a Zorski, Henryk. 
830 0 |a Monographs and studies in mathematics ;  |v 2. 
830 0 |a Monographs and studies in mathematics ;  |v 5. 
999 |a MARS 
999 f f |s a16acab1-7009-3826-b532-c9d70cdebc56  |i b1462267-ac1e-3caf-a633-97111856439a  |t 0 
952 f f |p ric  |a Texas A&M University  |b Rellis Campus  |c Joint Library Facility  |d Remote Storage  |t 0  |e QA801 .S73 1979  |h Library of Congress classification  |i unmediated -- volume  |k v.3  |m A14806206025 
952 f f |p ric  |a Texas A&M University  |b Rellis Campus  |c Joint Library Facility  |d Remote Storage  |t 0  |e QA801 .S73 1979  |h Library of Congress classification  |i unmediated -- volume  |k v.1  |m A14806206009 
952 f f |p ric  |a Texas A&M University  |b Rellis Campus  |c Joint Library Facility  |d Remote Storage  |t 0  |e QA801 .S73 1979  |h Library of Congress classification  |i unmediated -- volume  |k v.2  |m A14806206017 
998 f f |a QA801 .S73 1979  |s v.1-v.3  |t 0  |l Remote Storage